La forma republicana y el caso Argentino /

Guardado en:
Autor Principal: Baeza, Carlos R.
Formato: Libro
Idioma:Spanish
Publicado: Ciudad Autonoma de Buenos Aires : Dunken, 2016
Edición:1a. ed.
Materias:
Etiquetas: Agregar Etiqueta
Sin Etiquetas, Sea el primero en etiquetar este registro!
LEADER 00482nam a22001575a 4500
001 DER.der013214
008 180615s2016####ag#||||||||||||||#||spa||
005 20260224083313.0
245 1 0 |a La forma republicana y el caso Argentino /  |c Carlos Ricardo Baeza 
250 |a 1a. ed. 
260 |a Ciudad Autonoma de Buenos Aires :  |b Dunken,  |c 2016 
300 |a 324 p. 
020 |a 9789870290179 
100 1 |a Baeza, Carlos R. 
650 7 |a CIENCIA POLITICA 
859 |a DERECHO  |b BIB. DERECHO  |h 321.01  |i BAE  |p 008136